00394nam a2200097Ia 45000010005000000080041000050820037000461000054000832450135001372600024002724455241024s9999 xx 000 0 und d aRD/371.07/R426p/2012-2016/4/2013 aRepública Dominicana. Ministerio de Educación 0aPrograma de Jornada Extendida. Orientación para Jornada Extendida. Nivel Medio, Modalidad General. Gestión Educativa 2012-2016 bSanto Domingoc2013